Clasification of bats (Registro nro. 9584)

Detalles MARC
000 -CABECERA
Campo de control 004520000a22001690004500
090 ## - CLASIFICACIÓN LOCAL
Colección AR
Consecutivo 00488
041 0# - IDIOMA
Código de idioma para texto/pista de sonido o título separado
100 1# - ASIENTO PRINCIPAL--NOMBRE PERSONAL
Nombre personal Koopman, Karl F.
245 10 - MENCION DE TITULO
Título Clasification of bats
650 14 - ASIENTO SECUNDARIO DE MATERIA - TERMINO TEMATICO
Término temático o nombre geográfico como elemento de entrada Murciélagos
650 14 - ASIENTO SECUNDARIO DE MATERIA - TERMINO TEMATICO
Término temático o nombre geográfico como elemento de entrada Listas de murciélagos
650 14 - ASIENTO SECUNDARIO DE MATERIA - TERMINO TEMATICO
Término temático o nombre geográfico como elemento de entrada Sistemática animal
650 14 - ASIENTO SECUNDARIO DE MATERIA - TERMINO TEMATICO
Término temático o nombre geográfico como elemento de entrada Taxonomía animal
700 1# - ASIENTO SECUNDARIO - NOMBRE PERSONAL
Nombre personal Jones, J. Knox
773 1# - Item fuente:
Título About Bats
Especificación de materiales 185
Paginas del Articulo 22-28
Lugar, editorial y fecha de publicación 1970
942 ## - ELEMENTOS ADICIONALES (KOHA)
Tipo de ítem Artículo
Existencias
Withdrawn status Lost status Damaged status No para préstamo Colección Ubicación Permanente Ubicación actual Fecha de adquisición Fuente de Valor Datos de publicación Seriada Total Checkouts Número topográfico Inventario / Código de Barras Date last seen Ejemplar Price effective from Forma de adquisición Tipo de material
      No para Préstamo Hemeroteca Bogotá Bogotá 27/02/2015 Mendoza, Humberto Fuera de circulación   AR 00488 010793 25/03/2015 1 25/03/2015   Artículo
      No para Préstamo Hemeroteca Bogotá Bogotá 27/02/2015 Mendoza, Humberto Fuera de circulación   AR 00488 010794 25/03/2015 2 25/03/2015   Artículo